| 000 | 00506nam a22001817a 4500 | ||
|---|---|---|---|
| 003 | CEME | ||
| 005 | 20210628202641.0 | ||
| 008 | 210120b xxu||||| |||| 00| 0 eng d | ||
| 020 | _a1-58053-686-7 | ||
| 040 | _cceme | ||
| 082 | _a621.043 ADA | ||
| 100 |
_aAdamy, David. L _958139 |
||
| 245 | _aEw 102 ,a second course in electronic warfare | ||
| 260 |
_aBOSTON _bARTECH HOUSE _c2004 |
||
| 300 | _aXIV,274P | ||
| 650 |
_aELECTRONICS IN MILITARY ENGINEERING.ELECTRONIC WARFARE _960909 |
||
| 942 |
_cBK _2ddc |
||
| 999 |
_c570512 _d570512 |
||